Missing Shapes Multiple Choice Quiz Stats

 Plays Quiz Updated Feb 17, 2018

Challenge
Share
Tweet
Embed
Score 0/40 Timer 05:00
6 Plays Today
Question Answer Wrong Answers
A _____ Is Born
Judy Garland movie
Star
93.6%
Circle
0.2%
Square
0.2%
Triangle
0.1%
_____ Wars
Popular science-fiction epic series
Star
93.5%
Circle
0.2%
Square
0.2%
Triangle
0.2%
Fair and _____
Honest and straightforward
Square
93.4%
Circle
0.3%
Triangle
0.1%
Star
0.4%
Madison _____ Garden
Famous arena in New York
Square
93.4%
Circle
0.4%
Triangle
0.1%
Star
0.4%
Be There or Be _____
Phrase to encourage one to attend an event
Square
93.3%
Circle
0.2%
Triangle
0.1%
Star
0.5%
When You Wish Upon a _____
Song from Disney's Pinocchio
Star
92.8%
Circle
0.7%
Square
0.2%
Triangle
0.2%
_____ of Life
Song from 'The Lion King'
Circle
92.7%
Square
0.2%
Triangle
0.4%
Star
0.7%
The _____-Spangled Banner
U.S. national anthem
Star
92.7%
Circle
0.4%
Square
0.7%
Triangle
0.3%
Back to _____ One
Go back to the beginning
Square
92.6%
Circle
0.9%
Triangle
0.1%
Star
0.4%
Bermuda _____
Site of unexplained disappearances for aircraft and ships
Triangle
92.5%
Circle
1%
Square
0.6%
Star
0.1%
Shooting _____
Common name for a meteoroid visibly passing through Earth's atmosphere
Star
92%
Circle
1.2%
Square
0.7%
Triangle
0.3%
_____ of David
Hexagram adopted as a Jewish symbol
Star
91.8%
Circle
0.6%
Square
1%
Triangle
0.7%
The Lone _____ State
Nickname of Texas
Star
91.4%
Circle
0.4%
Square
1.4%
Triangle
0.8%
Come Full _____
Return to the original state of affairs
Circle
91.3%
Square
1.9%
Triangle
0.3%
Star
0.3%
Arctic _____
Line of latitude on Earth
Circle
91%
Square
1%
Triangle
1.6%
Star
0.4%
_____ Peg in a Round Hole
Individualist who does not fit into a specific niche
Square
90.9%
Circle
2.1%
Triangle
0.6%
Star
0.5%
Hip to Be _____
Huey Lewis song
Square
90.4%
Circle
0.8%
Triangle
0.4%
Star
2.5%
Love _____
Complicated romantic situation involving three people
Triangle
90.4%
Circle
3.1%
Square
0.3%
Star
0.3%
_____-Crossed Lovers
Romantic couple doomed by fate
Star
90%
Circle
0.9%
Square
1.4%
Triangle
1.5%
Crop _____
Mysterious (extraterrestrial?) pattern in a cornfield
Circle
89.7%
Square
1.5%
Triangle
1.7%
Star
1%
Video Killed the Radio _____
First video on MTV
Star
89.6%
Circle
1.5%
Square
1.8%
Triangle
0.8%
_____ Meal
Substantial and balanced dining
Square
88.7%
Circle
1.4%
Triangle
2.2%
Star
1.6%
Vicious _____
Detrimental feedback loop
Circle
88.7%
Square
1.2%
Triangle
3.1%
Star
0.7%
Winner's _____
Area on a racetrack where the victorious horse and jockey celebrate
Circle
88.3%
Square
3.7%
Triangle
1.1%
Star
0.9%
Steel _____
Percussive musical instrument
Triangle
85.1%
Circle
5.6%
Square
2.3%
Star
1.1%
Red _____
Tourist attraction in Moscow
Square
83.9%
Circle
3.1%
Triangle
1.9%
Star
4.8%
_____ Deal
Theodore Roosevelt domestic program
Square
83.7%
Circle
2.7%
Triangle
3.8%
Star
3.5%
_____ the Wagons
Stop communication with people outside your group for safety
Circle
83.7%
Square
8.1%
Triangle
0.9%
Star
0.7%
_____ vs. the Forces of Evil
Disney animated television series
Star
74.7%
Circle
6.7%
Square
5.8%
Triangle
6%
_____ Leg
Position in cricket
Square
68.3%
Circle
7.6%
Triangle
14%
Star
3.5%
_____ K International
Collegiate service organization sponsored by Kiwanis
Circle
64.5%
Square
8.8%
Triangle
6%
Star
14%
Lumbar _____
Muscle area in the back
Triangle
61.1%
Circle
15%
Square
15.8%
Star
1.4%
Great _____
Intersection of a sphere and plane that passes through the center
Circle
58%
Square
7.8%
Triangle
21.2%
Star
6.3%
Research _____
Area around Raleigh, North Carolina
Triangle
57.7%
Circle
20.1%
Square
14.6%
Star
1.1%
_____ Offense
Basketball formation popularized by Phil Jackson
Triangle
57.3%
Circle
10.7%
Square
16.7%
Star
8.7%
_____ Line
'Yellow' line on the London Underground
Circle
53.9%
Square
12.8%
Triangle
7%
Star
19.9%
_____ Shirtwaist Factory Fire
1911 New York tragedy
Triangle
44.8%
Circle
11.8%
Square
20.4%
Star
16%
Pink _____
Weezer song (or Nazi identifier for homosexuals)
Triangle
40.6%
Circle
10.1%
Square
9.4%
Star
33.5%
_____ Choke
Move in judo and MMA
Triangle
37%
Circle
29.2%
Square
18%
Star
9.1%
Iron _____
Term to describe communist strongholds in both Korea and Vietnam
Triangle
35.8%
Circle
31.6%
Square
16.4%
Star
9.9%

You're not logged in!

Compare scores with friends on all Sporcle quizzes.
OR
Log In

You Might Also Like...

Show Comments

Extras

Top Quizzes Today


Score Distribution

Your Account Isn't Verified!

In order to create a playlist on Sporcle, you need to verify the email address you used during registration. Go to your Sporcle Settings to finish the process.

Report this User

Report this user for behavior that violates our Community Guidelines.

Details: